Proyecto para mejorar la eficiencia de los sistemas de iluminación del Instituto Tecnológico de Costa Rica
Enregistré dans:
| Auteur principal: | |
|---|---|
| Autres auteurs: | |
| Format: | Livre |
| Publié: |
San José, C.R.
1996
|
| Sujets: | |
| Tags: |
Ajouter un tag
Pas de tags, Soyez le premier à ajouter un tag!
|
MARC
| LEADER | 00000nam a2200000Ia 4500 | ||
|---|---|---|---|
| 003 | 008077 | ||
| 005 | 20221231144233.0 | ||
| 008 | 140114s1996 cr a m 000 ||s d | ||
| 040 | |c cru CEDI | ||
| 090 | |a TFG 3608 | ||
| 100 | |a Somarribas Quirós, Kathia L |9 9617 | ||
| 245 | |a Proyecto para mejorar la eficiencia de los sistemas de iluminación del Instituto Tecnológico de Costa Rica | ||
| 260 | |c 1996 |a San José, C.R. | ||
| 300 | |a viii, 224, [158] páginas : ilustraciones | ||
| 500 | |a Tesis (licenciatura en ingeniería industrial)--Universidad de Costa Rica. Facultad de Ingeniería. Escuela de Ingeniería Industrial | ||
| 650 | |x INSTITUTO TECNOLOGICO DE COSTA RICA |x ALUMBRADO ARQUITECTONICO |9 9619 | ||
| 700 | |9 9618 |a Montero Quesada, Oscar E. | ||
| 942 | |c TFG | ||
| 999 | |c 18890 |d 18890 | ||
